00599nam a2200217Ia 4500008004100000020001800041050001700059050001400076100002200090245003500112245002400147245002200171260001600193260003400209260000900243300001600252300001100268500005100279650002900330650002200359180523s9999 xx 000 0 und d a981-244-973-6 aMAIN HD 62.5 b.S56 2006 aSim, H.C. Mathew. 0aEntrepreneurship in practice : 2ba practical guide / 0cH.C. Matthew Sim. aSingapore : bPearson Education South Asia, c2006 a157 pages : c24 cm. aIncludes bibliographical references and index. aNew business enterprise. xEntrepreneurship.